01155nam a22001937a 4500003000900000005001700009008004100026040001300067100004200080245006100122250001100183260008100194300001800275490007100293520045800364942001200822999001700834952011000851IT-RoPau20220918181105.0130508b xxu||||| |||| 00| 0 eng d cIT-RoPau aCentro di Spiritualità Paolina9518 aSupplemento a "Camminiamo anche noi in novità di vita" a1° ed aAriccia (Roma)bCentro di Spiritualità Paolina - Casa Divino Maestroc1979 a20 pp.c33 cm a"Camminiamo anche noi in novità di vita"vn° 3 - Febbraio 1979 aSommario I. Discepoli di Cristo, per imparare a pregare" II. Con la Bibbia "E' tutto l'essere che prega" III. Gesù Cristo: Incontro radicale dell'essere umano con Dio IV. Liturgia: Le dimensioni della preghiera in Cristo V. Preghiera biblica di Maria VI. Spazio vitale per la preghiera: Sapienza - Contemplazione VII. Prgehiera integrale dell'uomo di azione VIII. La preghiera dell'Apostolo Paolo IX. "Mettere innanzi a Dio tutto il nostro essere"  2ddccCR c98498d98498 00102ddc406P_C671aPAULUSbPAULUSd2013-05-08l0oP C6pSp FP 12r2013-05-08 00:00:00w2013-05-08yCR